Dokumenty Evropské unie

Druhé zasadanie Rady pridruženia medzi EÚ a ČR. Nový transatlantický program. Dodatkový protokol k Európskej dohode zakladajúci pridruženie medzi Európskymi spoločenstvami a ich členskými štátmi na jednej strane a ČR na strane druhej.

Salvato in:
Dettagli Bibliografici
Natura: Capitolo di libro
Lingua:ceco
Soggetti:
Tags: Aggiungi Tag
Nessun Tag, puoi essere il primo ad aggiungerne!!

MARC

LEADER 00000naa a2200000 4500
001 r021569
005 20230925111259.0
041 0 |a cze 
044 |a CZ 
245 1 0 |a Dokumenty Evropské unie 
520 |a Druhé zasadanie Rady pridruženia medzi EÚ a ČR. Nový transatlantický program. Dodatkový protokol k Európskej dohode zakladajúci pridruženie medzi Európskymi spoločenstvami a ich členskými štátmi na jednej strane a ČR na strane druhej. 
610 2 0 |a Európska únia 
610 2 0 |a dokumenty 
610 2 0 |a Česko